ドボンクイズ~人口が20万以上の市区を選べ~ - Statistics

General Stats
  • This quiz has been taken 2,877 times
    2,845 since last reset
  • The average score is 6 of 20
Answers on the Grid
Answers color-coded by a green-red scale on the quiz's grid according to % correct below.
八戸市
沼津市
春日井市
大津市
茅ヶ崎市
加古川市
帯広市
荒川区
下関市
富士市
佐世保市
春日部市
上尾市
台東区
厚木市
寝屋川市
宝塚市
流山市
西東京市
八千代市
太田市
呉市
小平市
松江市
三鷹市
伊丹市
小田原市
山口市
立川市
岸和田市
 
Answer Stats
Answer % Correct
下関市
45%
大津市
41%
春日部市
41%
佐世保市
39%
春日井市
38%
茅ヶ崎市
36%
富士市
35%
宝塚市
35%
加古川市
34%
寝屋川市
32%
西東京市
30%
八戸市
28%
台東区
28%
厚木市
27%
上尾市
25%
荒川区
24%
流山市
24%
太田市
24%
八千代市
19%
小平市
9%
No matching quizzes found
Score Distribution
Percent of People with Each Score
Percentile by Number Answered
Your Score History
You have not taken this quiz since the last reset